| 000 | 00649nam a2200205Ia 4500 | ||
|---|---|---|---|
| 003 | GCL | ||
| 008 | 140319s9999 xx 000 0 ara d | ||
| 040 |
_aGCL / _cGCL |
||
| 082 | 0 | 4 |
_a370.15 _bم ن |
| 100 | 1 | _aالمجلس الاعلى للثقافة | |
| 245 | 1 | 0 |
_aندوة تكريم رواد علم النفس والتربية / _cالمجلس الاعلى للثقافة |
| 260 |
_a[S.N] : _bالمجلس الاعلى للثقافة ، _c1994 |
||
| 300 | _a158 ص | ||
| 490 | _a | ||
| 650 | 0 | 4 | _aالتعليم |
| 650 | 0 | 4 | _aالتربية |
| 650 | 0 | 4 | _aعلم النفس التربوى |
| 650 | 0 | 4 | _aالمدرسون |
| 942 |
_2ddc _cBK |
||
| 999 |
_c36735 _d36735 |
||